000 01290cam a2200289 4500
008 020607n2002 000 0 eng u
022 _a1902786483
035 _a(Sirsi) u118314
050 _a711.026
110 _aGreen Balance
_9519
245 _aThird party rights of appeal in planning a research project for : Council for the Protection of Rural England; Royal Society for the Protection of Birds; WWF-UK; Civic Trust; Friends of the Earth; Town and Country Planning Association; Environmental Law Foundation; ROOM.
260 _a[S.l.
_bs.n.]
_c2002
300 _a84p. $3 0cm.
350 _a10
520 _aConsiders the case for rights of appeal to be given to third parties with a view on planning applications, whether they have a direct, personal or wider interest. Looks at current practice in Denmark, New Zealand, Queensland, the Republic of Ireland and Sweden.
650 _aHUMAN RIGHTS ACT 1998
650 _aPLANNING AND COMPENSATION ACT 1991
650 _aPLANNING APPEALS
650 _aTHIRD PARTIES
650 _aTHIRD PARTY RIGHT OF APPEAL
650 _aTOWN AND COUNTRY PLANNING ACT 1947
690 _aPlanning and development
_96259
700 _aPopham, J.
700 _aPurdue, M.
710 _aLeigh Day & Co Solictors
_94323
942 _n0
999 _c102130
_d102130